000 01082nam a22002177a 4500
008 150723b xxu||||| |||| 00| 0 eng d
020 _a9781292027432
050 _aP94.M36
100 _aChristians, Clifford G.
245 _aMedia ethics: Cases and moral reasoning. /
_cChristians, Clifford G.
250 _a9th ed.
260 _aEdinburgh Gate :
_bPearson Education Limited,
_c2014.
300 _aii,234p. :
_c28cm.
500 _aIncludes index.
505 _aContents: Ethical foundations and perspectives -- Institutional pressures -- Truthtelling -- Reporters and sources -- Invasion of privacy -- Advertising in an image-based culture -- The media are commercial -- Advertising's professional culture -- Public communication -- Telling the truth in organizational settings -- Conflicting loyalties -- The demands of social responsibility -- Violence -- Profits, wealth and public trust -- Media scope and depth.
700 _aFackler, Mark.
700 _aRichardson, Brittain kathy.
700 _aKreshel, Peggy J.
700 _aWoods, Robert H.
942 _2lcc
_cBK
999 _c5666
_d13166